00453nam a2200157 4500003001100000005001700011008004100028040003900069041000800108082001500116100001400131245004800145260004300193300003300236650002600269LK-CoMWRAF20231109115854.0231109b1910 |||||||| |||| 00| 0 eng d aLK-CoMWRAFdLK-CoMWRAFeLK-CoMWRAF aeng a398.2bPAR aParker, H aVillage folk-tales of Ceylon:bVolume Three aDehiwala: bTisara Prakasakayo, c1910 aiii., 445 p.bIndex included a FOLK-LORE- Sri Lanka